000
00285nam a22001217a 4500
082
_a
813
_b
GLA
100
_a
Glasgow, Ellen
_9
49937
245
_a
Vein of Iron
_c
Ellen. Glasgow,
300
_a
343
526
_a
0
_b
0
_c
0
_d
813_000000000000000_GLA
650
_a
MCE
_9
379
942
_2
ddc
_c
BK
999
_c
552673
_d
552673